| 000 | 00407nam a2200145 i 4500 | ||
|---|---|---|---|
| 001 | 34652 | ||
| 003 | ES-MaACL | ||
| 007 | t| | ||
| 008 | 030207s1917 fr ||||1| fre d | ||
| 100 | 1 |
_aBoirac, Emile. _929854 |
|
| 245 | 1 | 2 |
_aL'avenir des Sciences Psychiques / _cpar Emile Boirac. |
| 260 |
_aParís : _bFélix Alcan, _c1917 ( _eDijon : _fJobard) |
||
| 300 |
_a300 p. ; _c22 cm. |
||
| 852 |
_aES-MaACL _jB-6212 |
||
| 999 |
_c34652 _d34652 |
||